| 000 | 00477 a2200181 4500 | ||
|---|---|---|---|
| 001 | 066859 | ||
| 003 | OSt | ||
| 005 | 20211018150945.0 | ||
| 008 | |||
| 082 |
_a570.285 _bB52B |
||
| 100 | 1 | _aLacroix, Zoe | |
| 245 | 1 |
_aBioinformatics : managing scientific data _cby Zoe Lacroix and Terence Critchlow |
|
| 260 |
_aNew Delhi _bElsevier _c2004 |
||
| 300 | _a441p. | ||
| 690 | _aBioinformatics | ||
| 700 | _aCritchlow, Terence | ||
| 942 |
_2ddc _cBK |
||
| 999 |
_c855 _d855 |
||